[Event "Dortmund SuperGM 23rd"]
[Site "Dortmund"]
[Date "1995.07.14"]
[Round "1"]
[White "Kramnik, Vladimir"]
[Black "Ivanchuk, Vassily"]
[Result "1-0"]
[WhiteElo "2730"]
[BlackElo "2740"]
[Annotator "Konikowski,J"]
[PlyCount "99"]
[EventDate "1995.07.14"]
[EventType "tourn"]
[EventRounds "9"]
[EventCountry "GER"]
[EventCategory "17"]
[SourceTitle "CBM 048"]
[Source "ChessBase"]
[SourceDate "1995.10.01"]
[SourceVersion "1"]
[SourceVersionDate "1995.10.01"]
[SourceQuality "1"]

1. Nf3 {Ftacnik} d5 2. d4 e6 3. c4 dxc4 4. Qa4+ Nc6 (4... Bd7 {Ftacnik} 5. Qxc4
Nf6 6. Nc3 a6 7. a4 Nc6 8. e4 Bb4 9. Bd3 Bxc3+ 10. Qxc3 O-O 11. O-O Re8 12. Bg5
h6 13. Bf4 Ne7 14. Qxc7 Qxc7 15. Bxc7 b5 16. a5 $16 {Bruelhart,K-Lueber,H/Bad
Ragaz op (01)/1995/1-0 (45)}) 5. Qxc4 Nf6 6. Bg5 (6. Nc3 {Ftacnik} Bb4 7. Bd2
O-O 8. a3 Be7 9. e4 Na5 10. Qa4 b6 11. b4 Nb7 12. Bb5 c5 13. dxc5 bxc5 14. Bc6
Nd7 15. Bf4 Bf6 16. Qc2 Nb8 17. Bb5 cxb4 18. axb4 Qb6 19. e5 Be7 20. O-O Bxb4
21. Ng5 g6 22. Nge4 $40 {Krasenkov,M-Chernosvitov,A/Voskresensk/1992/1-0 (31)})
6... h6 {Aufmersamkeit verdient} (6... Be7 $5 7. e3 O-O 8. Nc3 Nd5 9. Bxe7
Ncxe7 10. Bd3 b6 11. O-O Bb7 12. e4 Nf4 13. Bc2 Rc8 14. g3 Nfg6 15. b4 c5 16.
bxc5 bxc5 17. dxc5 Qa5 18. Nb5 a6 19. Nd6 Rxc5 20. Nxb7 (20. Qe2 Bc6 $13) 20...
Rxc4 21. Nxa5 Rxc2 {und Schwarz darf keine Probleme haben.}) 7. Bxf6 Qxf6 8.
Nc3 Bd6 9. g3 {Auf} (9. e4 {folgt einfach} e5 10. Nd5 (10. d5 Ne7 11. Nb5 c6
12. Nxd6+ Qxd6 13. dxc6 Nxc6 14. Rd1 Qe7 15. Qc3 O-O 16. Bb5 Bd7 17. O-O Rac8
$132) 10... Qd8 11. dxe5 Nxe5 12. Nxe5 Bxe5 13. f4 Bd6 14. e5 c6 15. exd6 cxd5
16. Qxd5 O-O 17. Be2 Re8 {und Schwarz hat genug Kompensation für den Bauern.})
9... O-O 10. Bg2 Bd7 (10... e5 {Ftacnik} 11. Ne4 Qd8 12. Nxd6 cxd6 13. O-O $13)
11. O-O Rfd8 12. Rac1 Qe7 13. Ne4 Be8 14. e3 {[%csl Gc5] Ftacnik Black enjoys
very compact but somewhat passive position, later Nc5 is hard to prevent.} Rac8
15. Rfd1 a6 16. Nc5 Bxc5 17. Qxc5 Qxc5 18. Rxc5 Ne7 (18... Nb8 {Ftacnik} 19.
Ne5 c6 20. Rc3 Nd7 21. Nc4 $16) 19. Ne5 Nd5 (19... c6 {Ftacnik} 20. Bh3 $16)
20. a3 f6 $2 {Erweist sich als erhebliche Schwächung der Bauernstruktur, wie
Weiß sofort aufzeigt. Es sollte} (20... Kf8 {geschehen.}) 21. Bh3 $5 fxe5 (
21... Bf7 22. Nxf7 Kxf7 23. e4 Nb6 (23... Ne7 {Ftacnik} 24. d5 $16) 24. d5 {
wäre noch schlechter für Schwarz.}) 22. Bxe6+ Bf7 23. Bxc8 Rxc8 24. dxe5 {
Ftacnik Two P and R is a good compensation for the B and N, since the light
pieces have no squares in the center.} Nb6 25. Rd4 {xc4} Be6 26. f4 Kf7 27. e4
g6 28. Kf2 Ke7 29. Rc1 (29. Kf3 {Ftacnik} h5 {xg4}) 29... a5 {Oder} (29... c5
30. Rd6 Nd7 31. Ke3 {mit weißem Vorteil.}) 30. Rc5 a4 31. Rb4 Bd7 32. Rc1 Bc6 {
Der Läufer wäre wohl besser auf der Schräge c8-h3 geblieben, wo er die weißen
Bauern zurückhalten könnte. Auf c6 gibt er das Motiv für den entscheidenden
Schlag ab (siehe 41.Rxc6!). Also in Frage käme 32...Be6!?} 33. Ke3 {White
certainly enjoys a pleasant plus, but it is quite difficult to improve the
position any further.} Nd7 34. Rbc4 Rb8 (34... h5 {Ftacnik} 35. Rxc6 $5 bxc6
36. Rxc6 Rb8 37. Rxg6 Rxb2 38. Rg7+ Ke8 39. e6 $16) 35. h4 $6 {Dies erschwert
die Aufgabe von Weiß, da nun seine Königsbauern festgelegt werden können.
Statt des Partiezuges logischer wäre auf jeden Fall} (35. h3 $5) 35... h5 $1
36. Rg1 Rh8 37. Rc2 (37. g4 {Ftacnik} hxg4 38. Rxg4 Rh6) 37... Ke6 38. Rgc1 Nb8
(38... Rb8 $5) 39. Rc5 Ke7 40. R1c2 Nd7 $2 {Damit läßt Schwarz dem Gegner zu,
auf c6 zu opfern.Dagegen hätte er mit} (40... Ke6 {das Qualitätsopfer
verhindern können.}) 41. Rxc6 $1 {Weiß opfert konsequent Material, um die
schwarze Stellung durchzubrechen. Die entscheidende Rolle werden nun die
weißen Bauern spielen.} bxc6 42. Rxc6 {[%csl Ge4,Ge5,Gf4,Ra4,Rc7,Rg6] Ftacnik
There is enormous difference between the value of white and black pawns on the
board.} Rb8 (42... Nf8 {Ftacnik} 43. Rxc7+ $18) 43. Rxg6 Rxb2 {Oder} (43...
Rb3+ 44. Kd4 Rxb2 45. f5 c5+ 46. Ke3 {und nun geht nicht} Nxe5 47. Re6+ {
mit leichtem Gewinn für Weiß.}) 44. f5 Rb3+ (44... Nxe5 45. Re6+ $18) 45. Kf4 {
Der weiße Monarch hat einen sicheren Plätzchen gefunden.} Rxa3 {Eine Variante
nach} (45... Nc5 46. e6 Rxa3 (46... Nd3+ 47. Kg5 Ne5 48. Rg7+ Kd6 49. Kf6 Ng4+
50. Rxg4 $1 hxg4 51. e7 Rb8 52. e5+ Kd5 53. e6 Kd6 54. Kf7 c5 55. f6 c4 56.
e8=Q Rxe8 57. Kxe8 c3 58. f7 c2 59. f8=Q+ $18) 47. e5 Nd3+ 48. Ke4 Nf2+ (48...
Nc5+ 49. Kd5 $18) 49. Kd5 Rd3+ 50. Kc6 Rc3+ (50... Ng4 51. Rg7+ Kf8 52. e7+ Ke8
53. f6 Nxe5+ 54. Kxc7 Rc3+ 55. Kb7 Rb3+ 56. Ka6 $18) 51. Kb7 Ne4 52. Rg7+ Kf8
53. e7+ Ke8 54. f6 Rxg3 55. Rh7 Rb3+ 56. Kc8 Nxf6 57. exf6 Re3 58. Rh8+ Kf7 59.
Rf8+ Kg6 60. Kxc7 {wäre für Weiß klar gewonnen.}) 46. Rg7+ Ke8 47. e6 Nf6 48.
g4 $1 {Ein Sperrzug: Der weiße König kann ungehindert weiter vordringen, da
auf g3 kein Bauer mehr mit Schachgebot geschlagen werden kann.} Ra1 {Das
Schlagen auf g4 verliert in allen Varianten:} (48... Nxg4 49. e5 Ra1 50. f6
Rf1+ 51. Kg5 $18 {bzw.}) (48... hxg4 49. Ke5 Nxe4 (49... Nh5 {Ftacnik} 50. Rh7
$18) 50. Kxe4 Rf3 51. Ke5 c5 52. Rg8+ Ke7 53. f6+ Rxf6 54. Rg7+ $18) 49. e5
Nd5+ {Natürlich keine Rettung wäre} (49... Nxg4 50. f6 Nxf6 (50... Nh6 51. Kg5
$18) 51. exf6 Rf1+ 52. Kg5 Rg1+ 53. Kh6 {und Weiß siegt, bzw.}) (49... Rf1+ 50.
Kg5 Ne4+ (50... Nxg4 51. f6 Nxf6 52. exf6 Rg1+ 53. Kxh5 $18) 51. Kg6 Nc5 52. f6
Nxe6 53. Re7+ Kd8 54. Rxe6 hxg4 55. f7 $18) 50. Ke4 (50. Ke4 {Ftacnik} Nc3+ 51.
Kd3 Nd5 52. gxh5 $18) 1-0

[Event "Leonid Stein Memorial"]
[Site "Lvov"]
[Date "2000.05.13"]
[Round "2"]
[White "Krasenkow, Michal"]
[Black "Kortschnoj, Viktor Lvovich"]
[Result "1-0"]
[WhiteElo "2661"]
[BlackElo "2659"]
[Annotator "Kortschnoj,V"]
[PlyCount "93"]
[EventDate "2000.05.12"]
[EventType "tourn"]
[EventRounds "10"]
[EventCountry "UKR"]
[EventCategory "17"]
[SourceTitle "CBM 077"]
[Source "ChessBase"]
[SourceDate "2000.07.27"]
[SourceVersion "1"]
[SourceVersionDate "2000.07.27"]
[SourceQuality "1"]

1. d4 {Huzman} d5 2. Nf3 e6 3. c4 dxc4 4. Qa4+ Bd7 5. Qxc4 Bc6 {A novelty.} ({
Normally people play} 5... Nf6 6. Nc3 Nc6 {followed by Na5 and c7-c5.}) (5...
Nc6 {Huzman} 6. g3 (6. Nc3 Nb4 7. Qb3 Bc6 8. e4 a5 9. a3 Na6 10. Bc4 Nf6 11.
Bg5 Be7 12. Qc2 h6 13. Bxf6 Bxf6 14. Rd1 O-O 15. O-O Qe7 16. Rfe1 Rfd8 17. d5
Bd7 18. e5 $16 {1-0 Ehrich,W-Dickel,B/Hohenlimburg 1978/EXT 98 (39)}) 6... Na5
7. Qc2 Rc8 8. Bg2 c5 9. Nc3 Nf6 10. O-O cxd4 11. Nxd4 Qb6 12. Nb3 Nc4 13. Bg5
Be7 14. Rad1 h6 15. Bc1 O-O $15 {1-0 Benko,F-Lasker,E/Mar del Plata 1949/MCD 
(41)}) 6. Nc3 Nf6 7. Ne5 {Very ambitious.} (7. Bg5 Be7 8. e3 (8. Bxf6 {Huzman}
Bxf6 9. e4 O-O 10. Rd1)) ({or} 7. Qd3 Bb4 8. a3 {promise a slight edge to
white.}) 7... Be7 8. Bg5 {In conjunction with the next move of white 8.Bf4
looked more modest, but more plan-like.} (8. Nxc6 {Huzman} Nxc6 9. e3 O-O 10.
Be2 e5 11. d5 Nb4 12. O-O Nbxd5 $5 13. Rd1 Nxc3 14. Rxd8 Nxe2+ 15. Qxe2 Rfxd8
16. Bd2 e4 17. Bc3 Rd3 $11) 8... O-O 9. Nxc6 (9. e3 {Huzman} Bd5 $1 (9... Nfd7
10. Bxe7 Qxe7 11. Nxc6 Nxc6 12. Qb3 e5 (12... Nb6 13. Be2 $14)) 10. Nxd5 exd5 (
10... Nxd5 $5 11. Bxe7 Qxe7 12. Bd3 Nd7 $11) 11. Qb3 Nbd7 $1 12. Qxb7 $140 Nxe5
13. dxe5 Ne4 $36) 9... Nxc6 10. e3 (10. Rd1 $142 {Huzman} Nd7 (10... Nd5 11.
Bxe7 Qxe7 (11... Ncxe7 12. e4 Nb6 13. Qc5 Qd6 $14) 12. e3 (12. e4 Nb6 13. Qc5
Rad8 $132 {[%csl Rd4]}) 12... Rfd8 13. Be2) 11. Bxe7 Qxe7 12. e3 $14) 10... e5
{With a knight, located on c6, e6-e5 is a habitual reaction of black.} 11. dxe5
$6 {Wrong.} ({After} 11. Bxf6 Bxf6 12. d5 {white still has had some advantage.}
(12. d5 {Huzman} Ne7 $11 {[%cal Ye7c8,Yc8d6]})) (11. d5 $2 {Huzman} Nxd5) 11...
Nxe5 12. Qb5 (12. Qb3 Nd3+ 13. Bxd3 Qxd3 14. Rd1 Qa6 15. Qb5 $11) 12... Nfd7 $1
13. Bf4 ({After} 13. Bxe7 Qxe7 14. Qxb7 $2 (14. O-O-O {Huzman} Rfd8 15. Be2 (
15. Qxb7 $2 Nc5 16. Qb5 a6 17. Qe2 Ned3+ 18. Kb1 Rab8 19. Rd2 Qe5 $40) 15... a6
16. Qb3 $11) 14... Nc5 {After} 15. Nd5 (15. Qd5 Rad8 {white loses his queen.})
15... Qd6 {only a piece...}) 13... c6 14. Qe2 (14. Qxb7 $4 Nc5 (14... Nc5 {
Huzman} 15. Rd1 Nxb7 16. Rxd8 Raxd8 17. Bxe5 Rfe8 $17)) 14... Qa5 15. O-O-O $5
(15. Qc2 b5 16. Be2 b4 (16... Ng6 17. O-O (17. Bg3 b4 18. Qa4 Qf5 19. Nb1 Nc5
20. Qd1 Rfd8 $17) 17... Nxf4 18. exf4 $11) 17. Qa4 Qc5 18. Ne4 Qd5 19. Qc2 f5
20. Ng3 Qxg2 21. O-O-O {with good compensation for a pawn.}) 15... Bb4 $15 16.
Qc2 Nf6 17. Be2 (17. a3 $4 Bxc3 18. Qxc3 Qxc3+ 19. bxc3 Neg4 20. Bg3 Ne4 $19)
17... Rfe8 {'!' Huzman.} 18. Rhf1 $8 Ng6 ({Black could force an endgame:} 18...
Bxc3 19. Qxc3 Qxc3+ 20. bxc3 Nd5 21. Bxe5 Rxe5 22. Kc2 $15 {but he prefers to
play a similar position with queens on the board.}) 19. Bg3 Bxc3 20. bxc3 Ne4
21. Kb2 (21. Rd3 {Huzman} Ne5 22. Bxe5 Qxe5 $15 {/-/+}) 21... b5 22. Rd4 (22.
Bf3 {Huzman} Nxg3 23. hxg3 Ne5 $36) 22... Nxg3 23. hxg3 Rab8 24. Ka1 Nf8 (24...
b4 {Huzman} 25. cxb4 Rxb4 26. Qxc6 Reb8 27. Rxb4 Qxb4 28. Qc2 $14) 25. Rh1 Re5
{Black stands a bit better since his king has more solid protection. But black
prospects should not be overestimated...} (25... h6 $5 {Huzman}) 26. Qb2 Qc7
27. Rhd1 g6 28. Bf3 Re6 29. Qd2 Qa5 {At the moment black is concerned to push
his pawns on the queen side, but at the same time - not to allow white to
dominate entirely on the d-file...} 30. Rb1 c5 31. Rd5 Qc7 32. Rd1 b4 33. cxb4
cxb4 (33... Rxb4 $5 {Huzman} 34. Qc3 Reb6 35. Rxc5 $140 Qb8 36. Qc1 Rb2 $40)
34. Rc1 Qe7 35. Bd1 (35. Rd3 {Huzman} a5 $36 {[%cal Ya5a4,Yb4b3] <<}) 35... b3
$1 {Finally black managed to break through - to take on b3 now is forbidden:}
36. Qb2 $1 (36. axb3 Qa3+ 37. Kb1 Rxb3+ 38. Bxb3 Qxb3+ 39. Ka1 Qa3+ 40. Kb1
Rb6+ $19) 36... a5 $1 {A point of the move:} 37. axb3 {'?!' Huzman.} (37. Rxa5
Qd8 {followed by bxa2.}) (37. Rd4 $1 {Huzman} Reb6 38. Bxb3 Qb7 39. Rdc4 Ne6
40. Qe5 $16) 37... a4 {'->' Huzman.} 38. Rd3 Ra6 (38... Reb6 $5 {[%cal Yf8e6,
Ye6c5] Huzman}) 39. Kb1 Qe4 $4 {'?!' Huzman. In a time-trouble black makes his
mind up to win a pawn back. Instead he should take on b3.} (39... axb3 {After}
40. Rxb3 {black would concentrate his major pieces along the a-file with a
desicive effect.} ({After the relatively stronger} 40. Bxb3 {black could
continue} Qe4 (40... Rab6 41. Rcc3 Ne6 $44) 41. Rcd1 (41. Rcc3 Qxg2 $17 42.
Bxf7+ $2 Kxf7 43. Qxb8 Qf1+ {and white loses his queen.}) 41... Rab6 42. f3 $2
Rxb3) (40. Rxb3 {Huzman} Rxb3 41. Bxb3 Qe4+ 42. Rc2 Qxg2 43. Rc7 $132)) (39...
Rab6 {Huzman} 40. Rc4 axb3 41. Rxb3 Rxb3 42. Bxb3 Qb7 $40) 40. Qd4 Qxg2 (40...
Qe7 $142 $44 {Huzman}) 41. Qf4 {'<=>!' Huzman.} Rbb6 $2 (41... Rb5 {was
stronger, but after} 42. Rc7 $1 (42. Rc8 Ra8 43. Rxa8 Qxa8 $36) 42... Rf5 43.
Qc4 (43. Qb4 {Huzman} Ra8 $36) 43... Ra8 44. f4 axb3 (44... a3 45. Qc2) 45.
Bxb3 Ne6 46. Rc8+ {black still had serious difficulties.}) ({But a tricky} 
41... Qf1 {would lead to a draw:} 42. Bc2 Qxd3 43. Bxd3 Rxb3+ 44. Kc2 Rc6+ 45.
Kd2 (45. Bc4 $145 $1) 45... Rxd3+ 46. Kxd3 Rxc1 {White advantage is not
sufficient to win the game.}) 42. Rc8 $18 {Now the game is over. 42...Ra8 will
be met by 43.Rd7!} Kg7 (42... Ra8 43. Rd7 $1) 43. Qe5+ Rf6 44. Qe8 Rxf2 45.
Qxf8+ Kf6 46. Qh8+ Kg5 47. Rc5+ 1-0

[Event "Grenke Chess Classic 5th"]
[Site "Karlsruhe/Baden-Baden"]
[Date "2018.04.06"]
[Round "6"]
[White "Bluebaum, Matthias"]
[Black "Anand, Viswanathan"]
[Result "1-0"]
[WhiteElo "2631"]
[BlackElo "2776"]
[Annotator "Krasenkow,M"]
[PlyCount "89"]
[EventDate "2018.03.31"]
[EventType "tourn"]
[EventRounds "9"]
[EventCountry "GER"]
[EventCategory "20"]
[SourceTitle "CBM 184"]
[Source "ChessBase"]
[SourceDate "2018.05.16"]
[SourceVersion "1"]
[SourceVersionDate "2018.05.16"]
[SourceQuality "1"]

1. d4 d5 2. c4 e6 3. Nf3 dxc4 4. e3 b5 5. a4 b4 (5... c6 {is the main line but
the text move has recently gained popularity, too.}) 6. Bxc4 Nf6 {This
position usually arises from another move order (2...dxc4 3.Nf3 Nf6 4.e3 b5 5.
a4 b4 6.Bxc4 e6). According to the classical notion, such a "primitive"
defence should not be enough for equality as White has comfortable b3 and c4
squares for his pieces. However, strong grandmasters have manage to
successfully solve Black's problems more and more often.} 7. a5 {A typical
idea. White isolates Black's queenside pawns. However, White's a5-pawn
requires support, too.} ({The simple} 7. O-O {is more common.}) 7... a6 {
Black plans Bc8-b7 so he should not allow a5-a6.} 8. Nbd2 Bb7 9. O-O c5 {
If Black delays this advance, White can prepare e3-e4, although it proved not
to be so dangerous for Black in the following game:} (9... Be7 10. Qe2 O-O 11.
e4 c5 12. e5 Nfd7 13. Nb3 Nc6 14. Rd1 Qc7 15. Bf4 Nxd4 16. Nbxd4 cxd4 17. Nxd4
Nc5 $11 {0-1 (30) Kekelidze,M (2451)-Azarov,S (2635) Rockville 2014}) 10. Nb3 (
10. Bb3 Be7 11. Ba4+ {1/2 (20) Rogozenco,D (2524)-Itkis,B (2370) Mamaia 2015}
Nbd7 $11) 10... Nbd7 11. dxc5 (11. Qe2 Bd6 12. Rd1 Qc7 13. dxc5 Nxc5 $11 {
0-1 (38) Alfaro,W (2181)-Quesada Perez,Y (2541) Managua 2017}) 11... Nxc5 12.
Nxc5 Bxc5 13. Qa4+ Qd7 14. Qxd7+ Nxd7 $11 {Black has no serious problems after
the opening. His only concern is the b4-pawn but it can be protected quite
easily.} 15. Bd2 Ke7 16. Rac1 Rhc8 17. Nd4 Ne5 18. Be2 Bd6 19. Rfd1 Bd5 $2 {
But after this mistake Black gets into trouble.} ({Black had a lot of decent
moves including} 19... Nc6 {in order to simplify the game.}) 20. Rxc8 Rxc8 21.
Bxa6 Ra8 22. Bf1 Rxa5 23. Nb5 $1 {[%cal Rb5d6] That's the point. White attacks
Black's bishop and thus his b4-pawn. Black's pieces are placed awkwardly, and
he has no good defence.} Bc5 24. Rc1 Ra2 {Black gives up a piece to obtain
counterplay. Of course, his compensation is insufficient but it is his best
practical chance.} (24... Nd7 25. Rxc5 $1 Nxc5 26. Bxb4 $18) (24... Nc4 25.
Bxc4 Bxc4 26. Rxc4 Rxb5 27. Rxc5 Rxc5 28. Bxb4 Kd6 29. Kf1 Kd5 30. Bxc5 Kxc5
31. Ke2 $18) 25. Rxc5 Rxb2 26. e4 $1 (26. f4 Rxd2 (26... Nd7 27. Bc1 $1 Rb1 28.
Rc7) 27. fxe5 b3 28. Nc3 Rc2 29. Nxd5+ exd5 30. Rxd5 b2 31. Rb5 Rd2 {with a
positional draw - White can't make progress.}) 26... Rxd2 27. exd5 exd5 28. Rc1
b3 29. Rb1 b2 (29... Nc4 $5 30. Nc3 (30. Rxb3 $2 Rd1 {[%cal Rd1f1,Rc4d2]})
30... Na5 31. Ba6 $5 Kd6 32. Kf1 $16) 30. Nc3 Nc4 31. Nxd5+ Rxd5 $2 {After
this exchange of pieces Black's position is hopeless.} (31... Kd6 $1 {was
better, after which White had to display extreme precision:} 32. Nc3 $1 (32.
Bxc4 $2 Rc2 33. Nc3 Rxc3 34. Bf1 Rc2 {with a probable draw}) 32... Rc2 $1 (
32... Ke5 33. Bxc4 Kd4 34. Na4 Kxc4 35. Nxb2+ Kb3 36. Nd1+ $1 Kc2 37. Rb2+ Kxd1
38. Rb7 {and White should win}) 33. Rd1+ Kc5 34. Na4+ $1 Kb4 35. Bd3 Rd2 $1 36.
Rxd2 Nxd2 37. Nxb2 Kc3 38. Bxh7 Kxb2 39. Bg8 $1 f6 40. f3 $1 {with good
winning chances due to the poor position of Black's knight, e.g.} Kc3 41. Kf2
Kd4 42. Ba2 $1 {[%csl Rd2]}) 32. Bxc4 Rc5 33. Re1+ Kf6 34. Bd3 Rd5 35. Bb1 h5
36. g3 g5 37. Kg2 g4 (37... Rd2 38. Kf3 {[%cal Yf3e3]}) 38. Re2 Rb5 39. Re8 Rd5
40. Re2 Rb5 41. h4 Kg7 42. Re7 Rd5 43. Rb7 Rd2 44. Ba2 Kh6 45. Bxf7 1-0

[Event "Nova Gorica op 02nd"]
[Site "Nova Gorica"]
[Date "1997.??.??"]
[Round "3"]
[White "Malaniuk, Vladimir P"]
[Black "Mikhalchishin, Adrian"]
[Result "1/2-1/2"]
[WhiteElo "2610"]
[BlackElo "2515"]
[Annotator "Mikhalchishin,A"]
[PlyCount "81"]
[EventDate "1997.01.??"]
[EventType "swiss"]
[EventRounds "9"]
[EventCountry "SLO"]
[SourceTitle "CBM 056 Extra"]
[Source "ChessBase"]
[SourceDate "1997.03.01"]
[SourceVersion "1"]
[SourceVersionDate "1997.03.01"]
[SourceQuality "1"]

1. d4 d5 2. c4 dxc4 3. e3 c5 4. Bxc4 cxd4 5. exd4 Qc7 6. Qb3 e6 (6... Be6 $5 7.
d5 Bxd5 8. Bxd5 Qxc1+ 9. Ke2) 7. Nc3 a6 8. Nf3 Nc6 9. Bd3 (9. Qd1 Nf6 10. O-O
Be7 11. Bg5 b5 12. Bb3 Bb7 13. Rc1 O-O $13) 9... Nf6 10. O-O (10. Bg5 Nb4 11.
Bb1 Be7 12. O-O O-O 13. Bxf6 gxf6 14. a3 Nc6 15. d5 Ne5 $13) 10... Be7 11. a3
O-O 12. Be3 b5 (12... Qa5 $5) 13. Rac1 Bb7 14. Ne4 Rac8 (14... Rfd8 $5) 15. Nc5
Nd5 $2 (15... Bxc5 16. Rxc5 Qd6 $11) 16. Be4 Na5 $6 (16... Nxe3 17. Qxe3 Bxc5
18. Rxc5 Qe7 19. Rfc1 Na7 $14) 17. Qd3 Nc4 18. b3 $1 Ncxe3 19. Bxh7+ Kh8 20.
fxe3 Bxc5 (20... Nf6 $5 21. Ng5 Ng4 22. Rf4 $1 $16) 21. Rxc5 Qe7 22. Rxc8 Rxc8
(22... Bxc8 23. Be4 Qxa3 24. Bxd5 exd5 25. Ng5 $16) 23. Ne5 Nf6 {Diagramm} 24.
Bg6 $1 Qxa3 25. Nxf7+ Kg8 26. Ng5 Qb2 (26... Rc1 $5) 27. Bh7+ Kf8 28. Be4 $2 (
28. Nxe6+ Ke7 29. Nf4 Rc1 30. Qf5 $16) 28... Rc3 $1 29. Qd1 Bxe4 30. Nxe4 Rxe3
31. Nxf6 gxf6 32. Rxf6+ (32. Qg4 Kf7 33. Rxf6+ Kxf6 34. Qf4+ Ke7 35. Qxe3 a5
$132) 32... Ke7 33. Rf2 (33. Rf1 Re2 34. Kh1 Qd2 $1 $44) 33... Qxb3 34. Qf1 $2
Qb4 $1 35. Rf7+ Ke8 36. Qf6 Qe1+ $2 $138 37. Qf1 Qb4 38. Qf6 Qe1+ 39. Qf1 Qb4
40. Qf6 Qe1+ 41. Qf1 1/2-1/2